| 000 | 00333 a2200133 4500 | ||
|---|---|---|---|
| 001 | 87601 | ||
| 082 | _aN-3590 | ||
| 090 |
_c41056 _d41056 |
||
| 100 | _aSaleha, Lec Mis | ||
| 245 |
_aStatistics and probability [cd] _pCAE7 CDs set _bSTA301 |
||
| 260 |
_aLahore _b2005 _cVirtual University |
||
| 500 | _aCD/DVD | ||
| 520 | _avideo library | ||
| 942 |
_aCAE NUST _kN-3590 |
||
| 999 |
_c322674 _d322674 |
||